Kvalita vo výstavbovom procese

Salvato in:
Dettagli Bibliografici
Autore principale: Ďurica, Tibor (Autore)
Natura: Libro
Lingua:slovacco
Pubblicazione: Košice : Elfa, 2001
Tags: Aggiungi Tag
Nessun Tag, puoi essere il primo ad aggiungerne!!

MARC

LEADER 00000nam a22000003a 4500
001 stu78431
005 20150617225642.7
008 030110s2001----xo------------------slo-d
020 |a 80-89066-01-1 
040 |a STU  |b slo 
041 0 |a slo 
044 |a xo 
080 |a 658.56:69  |7 stu_us_auth*stu9020 
080 |a 699.8 
080 |a 624 
100 1 |a Ďurica, Tibor  |4 aut 
245 1 |a Kvalita vo výstavbovom procese 
260 |a Košice :  |b Elfa,  |c 2001 
300 |a 382 s.;tab.,schémy 
996 |b 284V027898  |c V*47596/O-20966  |l VVT  |s A  |a 24  |w stu78431_0001